Videó, mint marketing?!
| Main Author: | |
|---|---|
| Other Authors: | |
| Format: | Project work |
| Kulcsszavak: | e-marketing - elektronikus marketing elemzés filmgyártás interjú online reklám podcast videómarketing |
| Online Access: | http://dolgozattar.uni-bge.hu/59743 |
MARC
| LEADER | 00000nnm a2200000 i 4500 | ||
|---|---|---|---|
| 001 | dolg59743 | ||
| 005 | 20260409145515.0 | ||
| 008 | 260409suuuu hu o 000 hun d | ||
| 040 | |a BGE Dolgozattár Repozitórium |b hun | ||
| 041 | |a hu | ||
| 100 | 1 | |a Zsigri Dániel Bence | |
| 245 | 1 | 0 | |a Videó, mint marketing?! |c Zsigri Dániel Bence |h [elektronikus dokumentum] |
| 516 | |a Project_work | ||
| 520 | 3 | |a Záródolgozatomban egy számomra nagyon fontos és meghatározó cégről szeretnék elemzést készíteni, be szeretném mutatni a cég általános működését, illetve a működését marketing oldalról megközelítve. (Hogyan épül fel egy ügyfél elemzése, számára megfelelő tartalom/ projekt kitalálása, előállítása.) Először elmesélem a kapcsolatomat a céggel, hogy milyen pozíciót töltöttem eddig be, és milyen pozíciót töltök most be a gyakorlat alatt. Bemutatom, mivel foglalkozik a vállalat, mekkora piacot fed le, és mik a jövőbeli tervei. Bemutatom a cégünk működését egy véletlenszerűen kiválasztott ügyfél szemszögéből, körbe fogom járni milyen a vele való munkafolyamat, valamint be fogom mutatni a közösségi média és videó marketing szerepét napjainkban. | |
| 695 | |a e-marketing - elektronikus marketing | ||
| 695 | |a elemzés | ||
| 695 | |a filmgyártás | ||
| 695 | |a interjú | ||
| 695 | |a online reklám | ||
| 695 | |a podcast | ||
| 695 | |a videómarketing | ||
| 700 | 1 | |a Békési Gábor György |e ths | |
| 856 | 4 | 0 | |u http://dolgozattar.uni-bge.hu/59743/1/Zsigri_Daniel_ZARODOLGOZAT_v3.pdf |z Dokumentum-elérés |
| 856 | 4 | 0 | |u http://dolgozattar.uni-bge.hu/59743/2/titkositas_kerelem.pdf |z Dokumentum-elérés |
| 856 | 4 | 0 | |u http://dolgozattar.uni-bge.hu/59743/3/Biralat_Zsigri%20D%C3%A1niel%20Bence.pdf |z Dokumentum-elérés |